=LDR 00000nam 2200000 4500 =001 INLIS000000000006921 =005 20251118103135 =035 ##$$a 0010-1125000795 =007 ta =008 251118###########################0#ind## =082 ##$$a 363.96 =084 ##$$a 363.96 BAD c =245 1#$$a Complementing Family Planning With Breastfeeding To Improve Child And Maternal Health: Results From An Operations Research Project : $b - /$c Badan Koordinasi Keluarga Berencana Nasional =260 ##$:$b Badan Koordinasi Keluarga Berencana Nasional,$c 1990 =300 ##$$a 13 hal : $b ilus ; $c 21 cm =650 #4$$a Keluarga Berencana =110 #$$a Badan Koordinasi Keluarga Berencana Nasional =856 ##$$a Perpustakaan Kemendukbangga